Horkosladká pomsta

Bibliographic Details
Main Author: Sykesová, Stella (Author)
Other Authors: Čechvala, Igor (gup)
Format: Article
Language:Slovak
Subjects:

MARC

LEADER 00000nab a2200000 a 4500
001 vtls000103903
003 SK-MaSNL
005 20260303022429.0
008 111104c1981 xo 0 slo
015 |a SNBRB19rr/mm-uuuuu 
035 |a CL0114006 
040 |a SNKBUCL  |b slo  |c SNKBUCL  |e AACR2 
041 0 |a slo 
044 |a xo  |c SK 
080 |a 820-3  |2 1981 
100 1 |a Sykesová, Stella  |4 aut  |9 946788 
245 1 0 |a Horkosladká pomsta  |c Stella Sykesová ; Igor Čechvala 
500 |a Prevzaté z časopisu Magazin Polski 4/1981, Varšava. 
650 0 7 |a poviedky kriminálne  |2 snkbucl  |9 921121 
655 7 |a články z novín a časopisov  |2 snkbucl  |9 267496 
655 7 |a články z odboru literárna veda a krásna literatúra  |2 snkbucl  |9 770045 
700 1 |a Čechvala, Igor  |4 gup  |9 428492 
773 0 |t Express  |g Roč. 13, č. 47 (1981), s. 20-21 
850 |a Slovenská národná knižnica v Martine  |a MTA001 
852 |a SNK  |b KIS3GCP 
958 |a RK 
958 |a LX 
992 |a RBX 
999 |c 1628808  |d 1630738